000 01452cam a22003617a 4500
003 CHAP
005 20220329142314.0
008 000605d2000 mx b r 00110 spa d
010 _a81358
011 _a82330
035 _a92821
040 _cCHAP
090 _aTesis
100 0 0 _aPérez Ballinas, C. Agripino Tomas.
_989530
245 1 0 _aEfecto de la erosión del suelo sobre el rendimiento y costo de producción de trigo (Triticum aestivum var. Pavón F-76), sembrado en condiciones de invernadero, en un suelo tipic durostoll, ubicado en municipio de Tepetlaoxtoc, Estado de México
_c/por C. Agripino Tomas Pérez Ballinas
260 _aChapingo, Méx. :
_bEl autor,
_c2000.
300 _a163 h. . :
_bgráfs. ; mapas
502 _aTesis (Ing. Agr. Esp. en Suelos) -- UACH. Departamento de Suelos
590 _aALEPH
_b10
_c20130110
_lUCH01
_h1435
590 _aBATCH-UPD
_b10
_c20130110
_lUCH01
_h1549
590 _aBATCH-UPD
_b10
_c20130410
_lUCH01
_h0947
590 _aBATCH-UPD
_b10
_c20130914
_lUCH01
_h1129
590 _aCONVERSION
_b10
_c20130109
_lUCH01
_h1345
650 1 4 _aCultivos en invernadero.
_930376
650 1 4 _aErosión.
_937335
650 1 4 _aFertilizantes
_xEfecto en trigo.
_940558
650 1 4 _aTrigo
_xCostos de producción.
_9115000
901 _aBK
905 _aMayto Villalobos S.
942 _cFOLL
949 _bBC
_cTES
_d33724000780441
_eTS2
_fc.2
_h36266
_i92821
_si
949 _bBC
_cTES
_d928211
_eTS1
_h36265
_i92821
_sb
999 _c81358
_d81358